Songs with Moon in the title - Statistics

General Stats
  • This quiz has been taken 11 times
  • The average score is 6 of 20
Answer Stats
Hint Answer % Correct
Ozzy Osbourne Bark at the Moon
71%
Creedence Clearwater Revival Bad Moon Rising
57%
Frank Sinatra Fly Me to the Moon
57%
R.E.M. Man on the Moon
57%
The Police Walking on the Moon
57%
Van Morrison Moondance
43%
Audrey Hepburn (Henry Mancini) Moon River
43%
King Harvest Dancing in the Moonlight
29%
Neil Young Harvest Moon
29%
Cat Stevens Moonshadow
29%
Bruno Mars Talking to the Moon
29%
Billy Holiday Blue Moon
14%
Harry Styles Canyon Moon
14%
The Rolling Stones Child of the Moon
14%
The Ramones Howling at the Moon
14%
The Doors Moonlight Drive
14%
Beethoven Moonlight Sonata
14%
Fleetwood Mac Sisters of the Moon
14%
Echo & the Bunnymen The Killing Moon
14%
Prince Under the Cherry Moon
14%
No matching quizzes found
Score Distribution
Percent of People with Each Score
Percentile by Number Answered
Your Score History
You have not taken this quiz